Flooding guidance published (Record no. 117007)

MARC details
000 -LEADER
fixed length control field 01208cam a2200277 4500
001 - CONTROL NUMBER
control field WB4006-12
008 - FIXED-LENGTH DATA ELEMENTS--GENERAL INFORMATION
fixed length control field 040210n2004 000 0 eng u
035 ## - SYSTEM CONTROL NUMBER
System control number (Sirsi) u125095
050 04 - LIBRARY OF CONGRESS CALL NUMBER
Classification number 711.1
050 04 - LIBRARY OF CONGRESS CALL NUMBER
Classification number 711.1
050 04 - LIBRARY OF CONGRESS CALL NUMBER
Classification number 711.1
245 ## - TITLE STATEMENT
Title Flooding guidance published
260 ## - PUBLICATION, DISTRIBUTION, ETC.
Date of publication, distribution, etc. 2004
490 ## - SERIES STATEMENT
Series statement Scottish Executive News Release
Volume/sequential designation (SEC393/2004) 6 February 2004 (2)
520 ## - SUMMARY, ETC.
Summary, etc. The Scottish Executive has published "Scottish Planning Policy 7: Planning and Flooding" (SPP7), which aims to avoid more development in areas at risk from flooding. It allows planning authorities to refuse permission on the grounds of flood risk and seeks a responsible attitude from developers in considering proposals for new development. It also recognises that predicted climate change may affect the risk of flooding. Copies can be downloaded from http://www.scotland.gov.uk/library5/planning/spp7- 00.asp http://www.scotland.gov.uk/pages/news/2004/02/SEC3 93.aspx
590 ## - LOCAL NOTE (RLIN)
Local note WB
590 ## - LOCAL NOTE (RLIN)
Local note WB
650 ## - SUBJECT ADDED ENTRY--TOPICAL TERM
Topical term or geographic name entry element SCOTLAND
650 ## - SUBJECT ADDED ENTRY--TOPICAL TERM
Topical term or geographic name entry element FLOODING
650 ## - SUBJECT ADDED ENTRY--TOPICAL TERM
Topical term or geographic name entry element CLIMATE CHANGE
650 ## - SUBJECT ADDED ENTRY--TOPICAL TERM
Topical term or geographic name entry element FLOOD PREVENTION
650 ## - SUBJECT ADDED ENTRY--TOPICAL TERM
Topical term or geographic name entry element FLOOD RISK
650 ## - SUBJECT ADDED ENTRY--TOPICAL TERM
Topical term or geographic name entry element SPP7
690 ## - LOCAL SUBJECT ADDED ENTRY--TOPICAL TERM (OCLC, RLIN)
Topical term or geographic name as entry element PLANNING
942 ## - ADDED ENTRY ELEMENTS (KOHA)
Suppress in OPAC 0
Holdings
Withdrawn status Lost status Source of classification or shelving scheme Damaged status Not for loan Home library Current library Shelving location Date acquired Total Checkouts Full call number Barcode Date last seen Copy number Price effective from Koha item type
    Dewey Decimal Classification     London London News article 10/02/2004   WB4006-12 125095-1001 06/08/2019 1 06/08/2019 News article